| 000 | 00390nam a2200145 i 4500 | ||
|---|---|---|---|
| 001 | bg | ||
| 100 | 1 |
_aBudzyński, Franciszek _d(?-2002). |
|
| 245 | 0 |
_aPrzemiany i prognozy konsumpcji żywności / _cFranciszek Wojciech Budzyński. |
|
| 260 |
_aWarszawa, _c1975. |
||
| 040 | _cBPK | ||
| 041 | _apol | ||
| 080 | _a63+664:339+381 | ||
| 942 | _cKS | ||
| 008 | s pl f |000 0 pol | ||
| 999 |
_c16486 _d16486 |
||
| 856 |
_uhttp://koha.tu.koszalin.pl/cgi-bin/koha/opac-detail.pl?biblionumber=16486 _yKatalog online BPK |
||